000 00704nam a2200205Ia 4500
999 _c2717
_d2717
008 200103s 1979 ||||xx |||||||||||||| ||und||
020 _a0540073539
082 _a623.8933
_bSMI
100 _aSmith, I.
245 0 _aParallel indexing techniques
260 _bStanford Maritime
_c1979
_aLondon
300 _a48 p.: ill.
504 _aIntroduction Extracts from Merchant Shipping Notices Relative motion gyro stabilized North up presentation Ground stabilized true motion display
650 _aRadar in navigation
650 _aCoastwise navigation
650 _aNavigation - Safety measures
650 _aAids to navigation
700 _aMulroney, R. A.
_eCo-author
942 _cBK